000 01295cam a22003134a 4500
001 12408287
005 20060818071539.0
008 010515s1998 nyu b 001 0 eng
010 _a 2001031996
020 _a0415261066 (hb : alk. paper)
020 _a0415261074 (pb)
040 _aDLC
_cDLC
_dDLC
042 _apcc
050 0 0 _aBD131
_b.L83 1998
100 1 _aLoux, Michael J.
245 1 0 _aMetaphysics :
_ba contemporary introduction /
_cMichael J. Loux.
250 _a2nd ed.
260 _aNew York :
_bRoutledge,
_c1998.
300 _axiii, 303 p. ;
_c25 cm.
440 0 _aRoutledge contemporary introductions to philosophy
504 _aIncludes bibliographical references and index.
650 0 _aMetaphysics.
856 4 1 _3Table of contents only
_uhttp://www.loc.gov/catdir/toc/fy0609/2001031996.html
856 4 2 _3Publisher description
_uhttp://www.loc.gov/catdir/enhancements/fy0650/2001031996-d.html
906 _a7
_bcbc
_corignew
_d1
_eocip
_f20
_gy-gencatlg
942 _2lcc
_cBK
999 _c5644
_d5644